Sports Quiz

Random Sports Quiz

All Time New York/San Francisco Giants Roster Quiz Stats

 Plays Quiz not verified by Sporcle

Score 0/25 Timer 07:00
0 Plays Today
Position Name % Correct
CFWillie Mays
96.5%
RFMel Ott
94.7%
1BWillie McCovey
93%
LFBarry Bonds
93%
2BJeff Kent
91.2%
SPChristy Mathewson
78.9%
SPJuan Marichal
78.9%
3BMatt Williams
77.2%
SPGaylord Perry
66.7%
RPBrian Wilson
59.6%
CLRobb Nen
57.9%
SPCarl Hubbell
57.9%
RPRod Beck
49.1%
Position Name % Correct
Bench CIOrlando Cepeda
47.4%
Bench CIBill Terry
45.6%
Bench OFBobby Bonds
43.9%
Bench OFJack Clark
36.8%
Bench MITravis Jackson
29.8%
CBuck Ewing
26.3%
Bench CWes Westrum
22.8%
PTim Keefe
17.5%
SSGeorge Davis
14%
SPAmos Rusie
14%
PMickey Welch
14%
Bench MILarry Doyle
12.3%

You're not logged in!

Compare scores with friends on all Sporcle quizzes.
OR
Log In

You Might Also Like...

Show Comments

Extras

Top Quizzes Today


Score Distribution

Your Account Isn't Verified!

In order to create a playlist on Sporcle, you need to verify the email address you used during registration. Go to your Sporcle Settings to finish the process.

Report this User

Report this user for behavior that violates our Community Guidelines.

Details: